000 01684nam a2200433 i 4500
001 196813
003 ES-MaACL
005 20250730063209.0
008 241212s2017 sp a | |||| 001 0 spa
015 _aMON17
017 _aM 21276-2017
_bOficina Depósito Legal Madrid
020 _a9788491048329
035 _a(OCoLC)1040004036
035 _a(SpMaBN)a6172549
040 _aSpMaBN
_bspa
_cSpMaBN
_erdc
080 _a329.12
100 1 _aBerlin, Isaiah,
_d1909-1997
_9239356
_eaut
240 1 0 _aLiberty
_lEspañol
245 1 0 _aSobre la libertad /
_cIsaiah Berlin ; edición de Henry Hardy ; con un ensayo sobre Berlin y sus críticos por Ian Harris ; preparación de la edición castellana a cargo de Ángel Rivero ; [traducción de Julio Bayón ... et al.]
250 _aSegunda edición
260 _aMadrid :
_bAlianza Editorial,
_cD.L. 2017.
300 _a429 páginas :
_bilustrado ;
_c23 cm
336 _aTexto (visual)
_2isbdcontent
337 _asin mediación
_2isbdmedia
338 _2rdacarrier
_avolumen
504 _aIncluye referencias bibliográficas e índice
594 _aTítulo original: Liberty
650 7 _aLiberalismo
_2embne
_914386
700 1 _aHardy, Henry
_961831
_epbl
700 1 _aHarris, Ian
_9239357
_eaui
700 0 _aRivero Rodríguez, Angel
_997708
_epbl
700 0 _aBayón, Julio
_926710
_etrl
852 _aES-MaACL
_cDEPOJ
_jN-10235
_xEncuadernación rústica con solapas
_9206361
942 _cMONOGRAFIA
_n0
999 _c196813
_d196813